Advanced Building Contruction (Record no. 13572)

MARC details
000 -LEADER
fixed length control field 00327nam a22001457a 4500
020 ## - INTERNATIONAL STANDARD BOOK NUMBER
ISBN 8185594872
020 ## - INTERNATIONAL STANDARD BOOK NUMBER
ISBN 978-8185594873
082 ## - DEWEY DECIMAL CLASSIFICATION NUMBER
Classification number 690RAN
100 ## - MAIN ENTRY--AUTHOR NAME
Personal name Rangwala
245 ## - TITLE STATEMENT
Title Advanced Building Contruction
260 ## - PUBLICATION, DISTRIBUTION, ETC. (IMPRINT)
Place of publication india
Name of publisher charotar
Year of publication 1967
300 ## - PHYSICAL DESCRIPTION
Number of Pages 255
650 ## - SUBJECT ADDED ENTRY--TOPICAL TERM
Topical Term Building Construction
942 ## - ADDED ENTRY ELEMENTS (KOHA)
Koha item type Books
Holdings
Withdrawn status Lost status Home library Current library Date acquired Cost, normal purchase price Full call number Accession Number Koha item type
    Central Library, QUEST, Nawabshah Central Library, QUEST, Nawabshah 03/08/2015 50.00 690RAN 10196 Books